| 000 | 01058cam a2200337 4500 | ||
|---|---|---|---|
| 001 | 4296 | ||
| 003 | FISKH | ||
| 005 | 20250310110111.0 | ||
| 008 | 711217s1971 nyua j 000 1 eng | ||
| 010 | _a 77139094 | ||
| 020 | _a0690629036 | ||
| 020 | _a9780590434812 | ||
| 040 |
_aDLC _cDLC _dDLC _beng |
||
| 050 | _aPZ7.B912 | ||
| 082 | _a921 | ||
| 100 | 1 | _aBulla, Clyde Robert. | |
| 245 | 1 | 0 |
_aPocahontas and the strangers. _cClyde Robert Bulla ; Illustrated by Peter Burchard. |
| 260 |
_aNew York : _bScholastic, _c1971. |
||
| 300 |
_a176 pages : _billustrations ; _c20 cm |
||
| 350 | _a$3.95 | ||
| 505 | _aM | ||
| 520 | _aA fictionalized account of the life of Pocahontas woven about the few facts known from historical records. | ||
| 521 | 8 |
_a550
_bLexile |
|
| 521 | 8 |
_aM
_bRaz-Plus |
|
| 600 | 0 | 0 |
_aPocahontas, _d-1617 _xJuvenile fiction. |
| 600 | 0 | 1 |
_aPocahontas, _d-1617 _xFiction. |
| 700 | 1 |
_aBurchard, Peter, _eillustrator |
|
| 906 |
_a7 _bcbc _corignew _d2 _encip _f19 _gy-gencatlg |
||
| 942 |
_2ddc _cBK _n0 |
||
| 999 |
_c4296 _d4296 |
||